| Registos Bibliográficos associados ao registo de autoridade |
|
Etiqueta de registo: 00000nam 2200025 450 001 2273118 003 http://id.bnportugal.gov.pt/bib/catbnp/2273118 010 ## $a978-989-35331-4-7 021 ## $aPT$b549198/25 100 ## $a20260227d2025 m y0pory01030103ba 101 0# $apor$aengeng 102 ## $aPT 105 ## $aa z 000gy 106 ## $ar 200 1# $aDst Group Tmodular$eindustrial waste workshop 3.0 - wood & chipboards$fcoord. Miguel Terroso, Guilherme Braga Cruz$gfot. Mário Miguel Araújo... [et al.] 210 #9 $a[S.l.]$cDstgroup,$d2025 215 ## $a79, [1] p.$cil.$d21 cm 305 ## $aEd. bilingue em português, inglês 675 ## $a674.8-022.3(469.112)(042)$vBN$zpor$31990582 675 ## $a744A/Z(=1:469)"20"(042)$vBN$zpor$31990578 675 ## $a378.14(469.112)(042)$vBN$zpor$31482414 675 ## $a7.05(469)(042)$vBN$zpor$31288316 702 #1 $92$aBraga,$bGuilherme$4340$31989900 702 #1 $aAraújo,$bMário Miguel$4600$31989899 702 #1 $aTerroso,$bMiguel$4340$31944242 801 #0 $aPT$bBN$gRPC 856 41 $uhttp://rnod.bnportugal.gov.pt/ImagesBN/winlibimg.aspx?skey=&doc=2273118&img=220186&save=true 900 ## $aBIBNAC$d20260326 966 ## $lBN$mFGMON$sB.A. 53346 V.$x1 966 ## $lBN$mFGMON$sB.A. 53346 V.-D$x1 971 ## $ccsilva$d20260227 973 ## $ctrodrigues$d20260310 975 ## $e0$d20260326$viquintas
|
|
|